Minecraft headpieces - Statistics

General Stats
  • This quiz has been taken 23 times
    11 since last reset
  • The average score is 8 of 14
Answer Stats
Answer % Correct
Carved Pumpkin
78%
Diamond Helmet
78%
Gold Helmet
78%
Iron Helmet
78%
Netherite Helmet
78%
Leather Cap
67%
Chainmail Helmet
56%
Zombie Head
56%
Creeper Head
44%
Skeleton Head
44%
Enderdragon Head
33%
Player Head
33%
Turtle Helmet
33%
Wither Skeleton Head
11%
No matching quizzes found
Score Distribution
Percent of People with Each Score
Percentile by Number Answered
Your Score History
You have not taken this quiz since the last reset